[Event "1st Costa Brava"]
[Site "Sant Feliu de Guixols ESP"]
[Date "1973.09.20"]
[Round "1"]
[White "Pachman, Ludek"]
[Black "Pomar Salamanca, Arturo"]
[Result "1/2-1/2"]
[WhiteElo "2515"]
[BlackElo "2435"]
[EventDate "1973.09.20"]
[PlyCount "88"]

1. d4 Nf6 2. c4 e6 3. Nf3 Bb4+ 4. Nbd2 b6 5. e3 Bb7 6. Bd3 O-O 7. O-O d5 8. a3
Bxd2 9. Qxd2 Nbd7 10. Qe2 c5 11. cxd5 exd5 12. b3 a5 13. a4 Ne4 14. Bb2 f5 15.
Rfd1 Qe7 16. Rac1 Rae8 17. Bb5 f4 18. Rc2 Rf5 19. exf4 Rxf4 20. Qe3 Ref8 21.
Bxd7 Qxd7 22. Ne5 Qf5 23. f3 Ng5 24. Qd3 Ne6 25. Qxf5 R8xf5 26. dxc5 Nxc5 27.
Nd3 Nxd3 28. Rxd3 Ba6 29. Rd4 Re4 30. Kf2 Re6 31. Rdd2 h5 32. h4 Bb7 33. Rc7
Rf7 34. Rdc2 Ba6 35. Rxf7 Kxf7 36. Rc7+ Re7 37. Rxe7+ Kxe7 38. Bxg7 Bd3 39. Bd4
Bc2 40. Bxb6 Bxb3 41. Bxa5 Bxa4 42. Ke3 Kf6 43. g4 Kg6 44. Bc3 Bd1 1/2-1/2

[Event "1st Costa Brava"]
[Site "Sant Feliu de Guixols ESP"]
[Date "1973.09.20"]
[Round "1"]
[White "Hartoch, Robert"]
[Black "Medina Garcia, Antonio Angel"]
[Result "1-0"]
[WhiteElo "2480"]
[BlackElo "2395"]
[EventDate "1973.09.20"]
[PlyCount "77"]

1. Nf3 Nf6 2. c4 e6 3. g3 d5 4. Bg2 Be7 5. O-O O-O 6. d4 Nbd7 7. Qc2 b6 8. cxd5
Nxd5 9. a3 Bb7 10. e4 N5f6 11. Nc3 c5 12. Rd1 cxd4 13. Nxd4 Qc7 14. Qe2 Rad8
15. Be3 Qb8 16. Rac1 a6 17. f4 Nc5 18. e5 Nd5 19. Nxd5 Bxd5 20. Bxd5 Rxd5 21.
Nc6 Qb7 22. Rxd5 exd5 23. Nxe7+ Qxe7 24. Bxc5 bxc5 25. Qxa6 c4 26. Qb6 h5 27.
Qd4 Rb8 28. Rd1 Rb5 $6 (28... h4 $142) 29. Rd2 h4 30. g4 h3 31. a4 Ra5 32. Rd1
Qh4 33. f5 Rxa4 34. e6 fxe6 35. fxe6 Qe7 $4 (35... Ra6 36. e7 Re6 37. e8=Q+
Rxe8 38. Qxd5+ $11) 36. Qxd5 Rb4 37. Qd8+ Qxd8 38. Rxd8+ Kh7 39. e7 1-0

[Event "1st Costa Brava"]
[Site "Sant Feliu de Guixols ESP"]
[Date "1973.09.21"]
[Round "2"]
[White "Tatai, Stefano"]
[Black "Westerinen, Heikki"]
[Result "1-0"]
[WhiteElo "2430"]
[BlackElo "2435"]
[EventDate "1973.09.20"]
[PlyCount "51"]

1. d4 Nf6 2. c4 g6 3. Nc3 Bg7 4. e4 d6 5. Nf3 O-O 6. Be3 e5 7. dxe5 dxe5 8.
Qxd8 Rxd8 9. Nd5 Nxd5 10. cxd5 c6 11. Bc4 b5 12. Bb3 Bb7 13. Rc1 Rd7 14. Ke2
cxd5 15. Bxd5 Na6 16. Bxb7 Rxb7 17. Rhd1 Re8 18. Rd6 Nb8 19. Rcd1 f6 20. Nd2
Kf7 21. Nb3 Bf8 22. R6d5 a6 23. Rc1 Re6 24. Rd8 Re8 25. Rxe8 Kxe8 26. Rc8+ 1-0

[Event "1st Costa Brava"]
[Site "Sant Feliu de Guixols ESP"]
[Date "1973.09.22"]
[Round "3"]
[White "Westerinen, Heikki"]
[Black "Lengyel, Levente"]
[Result "1-0"]
[WhiteElo "2435"]
[BlackElo "2450"]
[EventDate "1973.09.20"]
[PlyCount "37"]

1. e4 e5 2. Nc3 Nf6 3. f4 d5 4. fxe5 Nxe4 5. Nf3 Be7 6. Qe2 f5 7. d3 Nc5 8. g3
d4 9. Nd1 Ne6 10. Bg2 O-O 11. Nf2 c5 12. h4 Nc6 13. Nh3 Nb4 14. Nfg5 Nxg5 15.
hxg5 Re8 16. a3 Nc6 17. Nf4 Nxe5 18. Bd5+ Kf8 19. Qxe5 1-0

[Event "1st Costa Brava"]
[Site "Sant Feliu de Guixols ESP"]
[Date "1973.09.22"]
[Round "3"]
[White "Pachman, Ludek"]
[Black "Tatai, Stefano"]
[Result "1/2-1/2"]
[WhiteElo "2515"]
[BlackElo "2430"]
[EventDate "1973.09.20"]
[PlyCount "112"]

1. e4 e5 2. Nf3 Nc6 3. Bb5 a6 4. Ba4 Nf6 5. O-O Be7 6. Re1 b5 7. Bb3 d6 8. c3
O-O 9. a4 b4 10. d4 exd4 11. Nxd4 Bd7 12. Nf5 Bxf5 13. exf5 Rb8 14. Bc4 bxc3
15. bxc3 a5 16. Na3 Ne5 17. Bf1 c6 18. h3 Nd5 19. c4 Nb4 20. Rb1 Re8 21. Rb3
Na6 22. Bd2 Rxb3 23. Qxb3 Nc5 24. Qc2 Bf6 25. f4 Ned7 26. Bxa5 Bd4+ 27. Kh2 Qa8
28. Rxe8+ Qxe8 29. Bd2 Nf6 30. Qd1 Nfe4 31. Be1 Be3 32. g3 Qb8 33. Nc2 Qb3 34.
Nxe3 Qxe3 35. a5 h5 36. Qe2 Qc1 37. Bg2 d5 38. cxd5 cxd5 39. Bxe4 Nxe4 (39...
dxe4 $142) 40. a6 Qa1 41. Kg2 Qa4 {(Secreta)} 42. Bf2 Nxf2 43. Kxf2 h4 44. Qd3
hxg3+ 45. Kxg3 d4 46. f6 gxf6 47. f5 Kg7 48. Kf4 Qa5 49. h4 Qe5+ 50. Kg4 Qa5
51. h5 Qa4 52. Kf4 Qa5 53. Ke4 Qe5+ 54. Kf3 Qa5 55. Kg4 Qa4 56. Kh4 Kh7 1/2-1/2

[Event "1st Costa Brava"]
[Site "Sant Feliu de Guixols ESP"]
[Date "1973.09.23"]
[Round "4"]
[White "Tatai, Stefano"]
[Black "Hartoch, Robert"]
[Result "1-0"]
[WhiteElo "2430"]
[BlackElo "2480"]
[EventDate "1973.09.20"]
[PlyCount "79"]

1. e4 c5 2. Nf3 e6 3. d4 cxd4 4. Nxd4 Nc6 5. Nb5 d6 6. Bf4 e5 7. Be3 Nf6 8. Bg5
Be6 9. Bxf6 gxf6 10. Nd2 a6 11. Nc3 f5 12. Qh5 Nd4 13. Bd3 f4 14. Nd5 Bg7 15.
c3 Nc6 16. g3 fxg3 17. fxg3 Ne7 18. O-O-O Ng6 19. Rhf1 b5 20. Nf3 Bxd5 21. exd5
Bf6 22. Kb1 O-O 23. h4 Ra7 24. Qg4 Qc8 25. Qe4 Re8 26. Nd2 Bd8 27. h5 Nf8 28.
Rf5 f6 29. Qf3 Rf7 30. Ne4 Qc7 31. Rf1 Nd7 32. Ng5 e4 33. Nxe4 Ne5 34. Qd1 Ref8
35. Be2 Kh8 36. Qd4 Rg8 37. g4 Rgf8 38. g5 fxg5 39. Rxf7 Rxf7 40. Rxf7 1-0

[Event "1st Costa Brava"]
[Site "Sant Feliu de Guixols ESP"]
[Date "1973.09.23"]
[Round "4"]
[White "Westerinen, Heikki"]
[Black "Pachman, Ludek"]
[Result "1-0"]
[WhiteElo "2435"]
[BlackElo "2515"]
[EventDate "1973.09.20"]
[PlyCount "69"]

1. e4 e5 2. Nf3 Nc6 3. Bb5 a6 4. Ba4 d6 5. O-O Bd7 6. c3 Nge7 7. d4 Ng6 8. Be3
Be7 9. Nbd2 O-O 10. a3 Nh4 11. Nxh4 Bxh4 12. f4 exf4 13. Bxf4 Bg5 14. Qh5 Bxf4
15. Rxf4 Ne7 16. Bb3 Be6 17. Raf1 Bxb3 18. Nxb3 Ng6 19. Rg4 c6 20. Nd2 Qd7 21.
Rf3 Rfe8 22. Rh3 h6 23. Rhg3 Re6 24. Qf5 Qe7 25. Qf2 Rf6 26. Qe3 Kh7 27. h4 Rg8
28. Nf3 Nf8 29. h5 g5 30. Nxg5+ hxg5 31. Rxg5 Ng6 32. hxg6+ fxg6 33. e5 Re6 34.
Qf4 dxe5 35. Qh4+ 1-0

[Event "1st Costa Brava"]
[Site "Sant Feliu de Guixols ESP"]
[Date "1973.09.24"]
[Round "5"]
[White "Medina Garcia, Antonio Angel"]
[Black "Pomar Salamanca, Arturo"]
[Result "0-1"]
[WhiteElo "2395"]
[BlackElo "2435"]
[EventDate "1973.09.20"]
[PlyCount "46"]

1. e4 c6 2. d4 d5 3. Nc3 dxe4 4. Nxe4 Bf5 5. Ng3 Bg6 6. h4 h6 7. Nf3 Nd7 8. h5
Bh7 9. Bd3 Bxd3 10. Qxd3 Qc7 11. Bd2 e6 12. Qe2 Ngf6 13. O-O-O O-O-O 14. Ne5
Nb6 15. Rh4 Bd6 16. Ba5 Kb8 17. f4 c5 18. dxc5 Bxc5 19. Ne4 Nxe4 20. Qxe4 Rxd1+
21. Kxd1 Qd8+ 22. Nd3 Qxh4 23. Qe5+ Ka8 0-1

[Event "1st Costa Brava"]
[Site "Sant Feliu de Guixols ESP"]
[Date "1973.09.27"]
[Round "7"]
[White "Medina Garcia, Antonio Angel"]
[Black "Tatai, Stefano"]
[Result "1/2-1/2"]
[WhiteElo "2395"]
[BlackElo "2430"]
[EventDate "1973.09.20"]
[PlyCount "64"]

1. e4 e6 2. d4 d5 3. Nc3 Bb4 4. Nge2 dxe4 5. a3 Be7 6. Nxe4 Nc6 7. c3 Nf6 8.
N2g3 e5 9. Nxf6+ Bxf6 10. d5 Ne7 11. Bc4 Nf5 12. Qd3 Nd6 13. O-O O-O 14. f4
Nxc4 15. Qxc4 c6 16. dxc6 Qb6+ 17. Rf2 exf4 18. Bxf4 Be6 19. Qe4 Qxc6 20. Qxc6
bxc6 21. Rd1 Rfd8 22. Rfd2 Rxd2 23. Rxd2 Bd5 24. Nf5 g6 25. Nd4 Rc8 26. Kf2 a6
27. Bh6 Be7 28. b4 f6 29. Be3 Kf7 30. Ne2 g5 31. a4 Rb8 32. Nd4 Rc8 1/2-1/2

[Event "1st Costa Brava"]
[Site "Sant Feliu de Guixols ESP"]
[Date "1973.09.27"]
[Round "7"]
[White "Pomar Salamanca, Arturo"]
[Black "Robatsch, Karl"]
[Result "1-0"]
[WhiteElo "2435"]
[BlackElo "2430"]
[EventDate "1973.09.20"]
[PlyCount "43"]

1. d4 Nf6 2. c4 c5 3. Nf3 cxd4 4. Nxd4 b6 5. Nc3 Bb7 6. f3 Nc6 7. e4 Nxd4 8.
Qxd4 e6 9. Be3 Bc5 10. Qd2 O-O 11. O-O-O Bxe3 12. Qxe3 e5 13. g4 a6 14. h4 b5
15. h5 b4 16. Na4 Bc6 17. Nb6 Rb8 18. c5 Qc7 19. g5 Ne8 20. g6 f5 21. Bc4+ Kh8
22. h6 1-0

[Event "1st Costa Brava"]
[Site "Sant Feliu de Guixols ESP"]
[Date "1973.09.28"]
[Round "8"]
[White "Tatai, Stefano"]
[Black "Pomar Salamanca, Arturo"]
[Result "1/2-1/2"]
[WhiteElo "2430"]
[BlackElo "2435"]
[EventDate "1973.09.20"]
[PlyCount "58"]

1. Nf3 Nf6 2. g3 b6 3. Bg2 Bb7 4. c4 e6 5. O-O Be7 6. d4 O-O 7. Nc3 Ne4 8. Bd2
f5 9. d5 Bf6 10. Rc1 Na6 11. Ne1 Nac5 12. b4 Nxc3 13. Bxc3 Ne4 14. Bxf6 Qxf6
15. f3 Ng5 16. f4 Ne4 17. Bxe4 fxe4 18. Qd2 a5 19. b5 exd5 20. cxd5 Qd6 21. Ng2
$1 Qxd5 22. Rfd1 Qxb5 23. Qxd7 Qxd7 24. Rxd7 Rac8 25. Rcxc7 Rxc7 26. Rxc7 Rf7
27. Rc2 Rd7 28. Ne3 b5 $2 $18 (28... Rd6 $142) 29. Kf2 $2 (29. Rc5 $1 $18)
29... Kf8 $2 {Y aqui firmaron tablas, cuando Pomar esta inferior. Con 29.
Tc5 el blanbco tiene clara ventaja.} 1/2-1/2

[Event "1st Costa Brava"]
[Site "Sant Feliu de Guixols ESP"]
[Date "1973.09.28"]
[Round "8"]
[White "Westerinen, Heikki"]
[Black "Medina Garcia, Antonio Angel"]
[Result "1-0"]
[WhiteElo "2435"]
[BlackElo "2395"]
[EventDate "1973.09.20"]
[PlyCount "61"]

1. e4 e5 2. Nf3 Nc6 3. Bb5 a6 4. Ba4 d6 5. Bxc6+ bxc6 6. d4 f6 7. Be3 Ne7 8. h4
Rb8 9. Nc3 Bg4 10. b3 h5 11. Qd3 Qc8 12. dxe5 dxe5 13. O-O-O Ng6 14. Qc4 Bd7
15. Ne1 Rb4 16. Qe2 Be6 17. Nd3 Rb8 18. g3 a5 19. Nc5 Bxc5 20. Bxc5 Kf7 21. Rd2
Nf8 22. Na4 Nd7 23. f4 g6 24. Rf1 exf4 25. gxf4 Rb5 26. Ba3 f5 27. c4 Rb8 28.
exf5 gxf5 29. Bb2 Rh7 30. Rg1 Qf8 31. Rg6 1-0

[Event "1st Costa Brava"]
[Site "Sant Feliu de Guixols ESP"]
[Date "1973.09.29"]
[Round "9"]
[White "Medina Garcia, Antonio Angel"]
[Black "Pachman, Ludek"]
[Result "1/2-1/2"]
[WhiteElo "2395"]
[BlackElo "2515"]
[EventDate "1973.09.20"]
[PlyCount "94"]

1. e4 c5 2. Nf3 d6 3. d4 cxd4 4. Nxd4 Nf6 5. Nc3 a6 6. Bc4 e6 7. a3 Be7 8. Ba2
O-O 9. O-O Nc6 10. Be3 Nxd4 11. Bxd4 b5 12. f4 Bb7 13. Qd3 a5 14. e5 dxe5 15.
fxe5 Nd7 16. Nxb5 Nc5 $2 (16... Ba6 $142 17. Qe2 Bxb5 18. Qxb5 $14) 17. Qe3 Bg5
18. Qe2 Ne4 19. Rad1 Qd7 20. c4 (20. Nd6 Nxd6 21. exd6 Qc6 22. h4 Bh6 $18)
20... Qc6 21. Bb1 a4 22. Na7 Rxa7 23. Bxa7 Nc5 24. Rd6 Qc7 25. Bb6 Qc8 26. Rfd1
(26. Ba5 $18) 26... Be7 27. Qe3 Nb3 28. c5 $6 (28. Rd7 $1) 28... Bxd6 29. Rxd6
(29. cxd6 $142 $18) 29... Qa8 30. Qe2 g6 31. h4 Rc8 32. Qf2 Be4 33. Rd7 (33.
Bxe4 $3 Qxe4 34. c6 Qxe5 35. Rd7 {No entiendo como Medina dejo escapar una
victoria en esta partida.}) 33... Rf8 34. Bc2 h5 35. Bxb3 (35. Rd6 $142) 35...
axb3 36. Qd2 Bd5 37. Ra7 Qc6 38. a4 {Poco a poco Medina se ha ido complicando
la vida.} Kg7 39. Qg5 Kg8 40. a5 $2 {Esto ya es definitivo para no ganar.} Qa4
41. c6 Qa1+ 42. Kh2 Qxb2 43. Rxf7 {Y ahora esta unica para no perder.
Increible. Ahora podria seguir...} Rxf7 (43... Kxf7 44. Qf6+ Ke8 45. Qd8+ Kf7
46. Qf6+) 44. Qxg6+ Kh8 45. Qh6+ Kg8 46. Qg6+ Kf8 47. Bc5+ Re7 $11 1/2-1/2

[Event "1st Costa Brava"]
[Site "Sant Feliu de Guixols ESP"]
[Date "1973.09.29"]
[Round "9"]
[White "Pomar Salamanca, Arturo"]
[Black "Westerinen, Heikki"]
[Result "0-1"]
[WhiteElo "2435"]
[BlackElo "2435"]
[EventDate "1973.09.20"]
[PlyCount "68"]

{Publicada en Destino, 27 octubre 1973} 1. d4 c5 2. e3 ({En lugar de esta
timida jugada de contencion se recomienda} 2. d5 Nf6 3. Nc3 $1) 2... Nf6 3. Nf3
b6 4. c4 g6 ({Eligiendo un esquema elastico, de doble fianchetto. Mas energico
es} 4... cxd4 5. exd4 Bb7 6. Nc3 e6 7. Bg5 $1 ({Si} 7. Bd3 d5 $1) 7... Be7 {
; y si ahora} 8. d5 $5 Nxd5 $5 9. cxd5 Bxg5 10. Nb5 $5 {, con juego complicado
donde parece que las mejores posibilidades estan de parte de las negras.}) 5.
Nc3 Bb7 6. d5 {[Asi se transforma la partida en una defensa india de rey, con
la particularidad de que ambos contendientes han efectuado jugadas que no
responden al espiritu de la apertura. Pomar debera avanzar su peon de rey
en dos tiempos y Westerinen tendra algunos problemas para justificar su
fianchetto de dama. ]} Bg7 7. Bd3 {[Bien jugado. Al no estar en su sitio
normal el alfil de dama negro, Pomar aprovecha ese detalle para establecer un
esquema de ataque, dado que la pieza negra que haciamos referencia suele
mostrarse muy eficaz para la defensa actuando en la diagonal "h3-c8". ]} O-O 8.
e4 d6 9. h3 e5 ({Si} 9... e6 10. O-O exd5 {; y ahora las blancas podrian
elegir entre} 11. cxd5 ({O bien} 11. exd5 {, siendo esta ultima la mas segura.}
)) 10. Bg5 (10. g4 {tambien debe tenerse en cuenta (JTB)}) 10... h6 11. Be3
Nh5 12. Qd2 Kh7 13. Ne2 $1 Nd7 14. g4 Nf4 {[No hay mas remedio que sacrificar
un peon, ante las perspectivas de "morir por asfixia", en caso de retroceder
con el caballo. Esta entrega del peon es tematica, pero en la presente
posicion no debe estar suficientemente compensada. ]  No veo que exista otra
jugada mejor (JTB)} 15. Nxf4 exf4 16. Bxf4 Qf6 {[#] [Deciamos que no debe
haber buena compensacion porque "el movimiento reflejo" de las negras ante el
anterior sacrificio suele ser peon a f5, y en la presente partida tal jugada
puede apreciarse que es francamente mala.] Tal vez b5 intentando buscar nuevas
vias o bien De7 me parecen mejores (JTB).} 17. O-O-O $2 ({La jugada natural;
sin embargo, permitira reaccionar inmediatamente a las negras. A considerar era
} 17. Rb1 {, seguido de peon a "f4"!, dado que a las negras no le sirve} g5 $4
{por} 18. e5+ {.}) (17. e5) 17... b5 $1 18. Rhe1 {Pienso que aun h4 es
interesante (JTB).} ({Ya no hay tiempo para} 18. h4 bxc4 19. Bxc4 (19. g5 $1 {
(JTB)} Qe7 (19... Qxb2+ 20. Qxb2 Bxb2+ 21. Kxb2 cxd3 22. h5 $1 {Y pienso que
Pomar disponia de una posicion prometedora.}) 20. gxh6 Bf6 21. Bb1 $18) 19...
Nb6 {,}) ({pero merecia atencion} 18. h4 {[#]} bxc4 19. Bb1 $5) 18... Rfe8 19.
Re2 {(Esto es un grave error de Pomar (JTB)} ({Si} 19. g5 hxg5 20. Nxg5+ Kg8 {
y las blancas no han logrado nada.}) ({Si} 19. g5 hxg5 20. Bxg5 $6 Qxf3 21. Re3
Qh5 $1 ({Si} 21... Qg2 22. Rg3 Qh2 23. Rdg1) 22. h4 Ne5 $1 23. Be2 Nxc4 {
y ganan.}) (19. h4 {(JTB: Insisto con h4)}) 19... bxc4 20. Bxc4 Rab8 ({Si} 
20... g5 $2 21. Nxg5+ hxg5 22. Bxg5 Qg6 {y las blancas tienen excelente juego.}
({Si} 22... Qd4 $2 23. Qc2 Qe5 24. f4)) 21. Bb5 Bc8 22. Bxd7 Bxd7 23. e5 dxe5
24. Nxe5 Bb5 (24... Qa6 $1 {(JTB)}) 25. Ree1 ({La posicion blancas es muy
dificil.} 25. Re4 {, tendria el inconveniente de dejar clavada la torre aunque,
de cualquier forma, parece mejor que la del texto.}) 25... Ba4 26. b3 Bxb3 $1 {
[#] [Con este sacrificio se abre la columna "b", por donde las torres negras
impondran su ley. ]} 27. axb3 Rxb3 28. Kc2 ({Si} 28. Re3 Rb4 $1 ({O quizas} 
28... Qxf4 29. Rxb3 Qxe5 {.})) 28... Reb8 29. Rb1 Qb6 $1 {[#] Y esto ya no
tiene solucion para el blanco (JTB)} 30. Nd7 ({Si} 30. Rxb3 Qxb3+ 31. Kc1 Qb1#
) ({Si} 30. Qc1 Qb4 31. Bd2 ({O bien} 31. Rxb3 Qxb3+ {, con ataque ganador.})
31... Qa4) 30... Qb5 {[Ahora amenaza 31...Dc4+ ]} 31. Qe2 Qa4 32. Rxb3 Qxb3+
33. Kc1 Qc3+ 34. Qc2 Rb1+ $1 {Y el mate es imparable. Pomar perdio una
partida que podia haber ganado. Y Westerinen se encontro con el titulo.} 0-1